Catálogo

LOS PRIMITIVOS REYES DE NORUEGA (Registro nro. 19010)

Detalles MARC
000 -LEADER
fixed length control field 00452nam a2200181 a 4500
001 - CONTROL NUMBER
control field 19010
005 - DATE AND TIME OF LATEST TRANSACTION
control field 20180713212407.0
008 - FIXED-LENGTH DATA ELEMENTS--GENERAL INFORMATION
fixed length control field 140415s1944 ag 000 0 spa d
041 ## - LANGUAGE CODE
Language code of text/sound track or separate title spa
082 ## - DEWEY DECIMAL CLASSIFICATION NUMBER
Classification number 823
Item number CAR
100 1# - MAIN ENTRY--PERSONAL NAME
Personal name CARLYLE, TOMAS
245 14 - TITLE STATEMENT
Title LOS PRIMITIVOS REYES DE NORUEGA
250 ## - EDITION STATEMENT
Edition statement 1a ed.
260 ## - PUBLICATION, DISTRIBUTION, ETC.
Place of publication, distribution, etc. ARGENTINA :
Name of publisher, distributor, etc. ESPASA-CALPE,
Date of publication, distribution, etc. 1944
300 ## - PHYSICAL DESCRIPTION
Extent 150
490 ## - SERIES STATEMENT
Series statement AUSTRAL
Volume/sequential designation 472
650 14 - SUBJECT ADDED ENTRY--TOPICAL TERM
Topical term or geographic name entry element NOVELA INGLESA
Existencias
Withdrawn status Lost status Source of classification or shelving scheme Damaged status Not for loan Collection code Home library Current library Shelving location Date acquired Source of acquisition Inventory number Total Checkouts Full call number Barcode Date last seen Price effective from Koha item type
    Dewey Decimal Classification     Referencia Biblioteca Karol Wojtyla Biblioteca Karol Wojtyla Área de silencio 03/12/2013 Compra 151000000000000000032733   823 CAR 38450 05/01/2026 03/12/2013 Libro R